Salvadori's Structure In Architecture : The Building Of Buildings (Record no. 397158)

MARC details
000 -LEADER
fixed length control field 00375 a2200133 4500
000 - LEADER
fixed length control field nam a22 7a 4500
100 ## - MAIN ENTRY--PERSONAL NAME
Personal name Salvadori, Mario G
110 ## - MAIN ENTRY--CORPORATE NAME
Corporate name or jurisdiction name as entry element Salvadori, Mario G
245 ## - TITLE STATEMENT
Title Salvadori's Structure In Architecture : The Building Of Buildings
250 ## - EDITION STATEMENT
Edition statement 4th/Latest edition
260 ## - PUBLICATION, DISTRIBUTION, ETC.
Name of publisher, distributor, etc. Pearson India
Date of publication, distribution, etc. 2024
264 ## - PRODUCTION, PUBLICATION, DISTRIBUTION, MANUFACTURE, AND COPYRIGHT NOTICE
Name of producer, publisher, distributor, manufacturer Pearson India
Date of production, publication, distribution, manufacture, or copyright notice 2024
942 ## - ADDED ENTRY ELEMENTS (KOHA)
Koha item type Books
Holdings
Date last seen Total checkouts Barcode Cost, replacement price Price effective from Koha item type Lost status Source of classification or shelving scheme Damaged status Not for loan Withdrawn status Home library Current library Date acquired Source of acquisition Cost, normal purchase price
10/03/2026   431038 1095.00 10/03/2026 Books   Dewey Decimal Classification       VIVEKANANDA LIBRARY VIVEKANANDA LIBRARY 10/03/2026 8 766.50
© Designed and Maintained by Vivekananda Library, MDU Rohtak